MARC details
| 000 -LEADER |
| fixed length control field |
02795cas a2200661 a 4500 |
| 001 - CONTROL NUMBER |
| control field |
11263782 |
| 003 - CONTROL NUMBER IDENTIFIER |
| control field |
OSt |
| 005 - DATE AND TIME OF LATEST TRANSACTION |
| control field |
20230606142811.0 |
| 008 - FIXED-LENGTH DATA ELEMENTS--GENERAL INFORMATION |
| fixed length control field |
820512c197u9999ohufr p b 0 a0eng c |
| 010 ## - LIBRARY OF CONGRESS CONTROL NUMBER |
| LC control number |
82646544 |
| 022 0# - INTERNATIONAL STANDARD SERIAL NUMBER |
| International Standard Serial Number |
0735-648X |
| ISSN-L |
0735-648X |
| Source |
1 |
| 035 ## - SYSTEM CONTROL NUMBER |
| System control number |
(OCoLC)ocm08420063 |
| 037 ## - SOURCE OF ACQUISITION |
| Source of stock number/acquisition |
Anderson Publishing Co., P.O. Box 1576, Cincinnati, OH 45201 |
| 040 ## - CATALOGING SOURCE |
| Original cataloging agency |
UIU |
| Language of cataloging |
eng |
| Transcribing agency |
UIU |
| Modifying agency |
DLC |
| -- |
NSD |
| -- |
NST |
| -- |
DLC |
| -- |
NST |
| -- |
NSD |
| -- |
NST |
| -- |
OCL |
| -- |
NST |
| -- |
IUL |
| -- |
NST |
| -- |
IUL |
| -- |
OCLCQ |
| -- |
OSU |
| -- |
OCLCQ |
| -- |
VRC |
| -- |
OCLCQ |
| -- |
OCLCF |
| -- |
OCLCO |
| -- |
DLC |
| -- |
OCLCO |
| -- |
GILDS |
| -- |
OCLCO |
| -- |
OCLCQ |
| 042 ## - AUTHENTICATION CODE |
| Authentication code |
pcc |
| -- |
nsdp |
| 043 ## - GEOGRAPHIC AREA CODE |
| Geographic area code |
n-us--- |
| 050 00 - LIBRARY OF CONGRESS CALL NUMBER |
| Classification number |
HV6201 |
| Item number |
.J68 |
| 082 0# - DEWEY DECIMAL CLASSIFICATION NUMBER |
| Classification number |
364/.0519 |
| Item number |
MCJ |
| 210 0# - ABBREVIATED TITLE |
| Abbreviated title |
J. crime justice |
| 222 #0 - KEY TITLE |
| Key title |
Journal of crime & justice |
| 245 00 - TITLE STATEMENT |
| Title |
Journal of crime & justice / |
| Statement of responsibility, etc. |
sponsored by the Society of Police & Criminal Psychology. |
| 246 3# - VARYING FORM OF TITLE |
| Title proper/short title |
Journal of crime and justice |
| 246 1# - VARYING FORM OF TITLE |
| Display text |
At head of title: |
| Title proper/short title |
JC & J |
| Date or sequential designation |
<1985-19> |
| 246 30 - VARYING FORM OF TITLE |
| Title proper/short title |
Crime & justice |
| 246 13 - VARYING FORM OF TITLE |
| Title proper/short title |
Crime and justice |
| Date or sequential designation |
<1981> |
| 260 ## - PUBLICATION, DISTRIBUTION, ETC. (IMPRINT) |
| Place of publication, distribution, etc. |
Jonesboro, Tenn. : |
| Name of publisher, distributor, etc. |
Pilgrimage, Inc. |
| 300 ## - PHYSICAL DESCRIPTION |
| Extent |
volumes ; |
| Dimensions |
22 cm |
| 310 ## - CURRENT PUBLICATION FREQUENCY |
| Current publication frequency |
Semiannual, |
| Date of current publication frequency |
1987- |
| 321 ## - FORMER PUBLICATION FREQUENCY |
| Former publication frequency |
Annual, |
| Dates of former publication frequency |
-1986 |
| 336 ## - CONTENT TYPE |
| Content type term |
text |
| Content type code |
txt |
| Source |
rdacontent |
| 337 ## - MEDIA TYPE |
| Media type term |
unmediated |
| Media type code |
n |
| Source |
rdamedia |
| 338 ## - CARRIER TYPE |
| Carrier type term |
volume |
| Carrier type code |
nc |
| Source |
rdacarrier |
| 440 ## - SERIES STATEMENT/ADDED ENTRY--TITLE |
| Number of part/section of a work |
2 |
| Volume/sequential designation |
38 June 2015 |
| 550 ## - ISSUING BODY NOTE |
| Issuing body note |
Volumes for 1985- sponsored by: Midwestern Criminal Justice Association. |
| 588 ## - SOURCE OF DESCRIPTION NOTE |
| Source of description note |
Description based on: Vol. 4, published in 1981. |
| 588 ## - SOURCE OF DESCRIPTION NOTE |
| Source of description note |
Latest issue consulted: Vol. 14, no. 1, published in 1991 (surrogate). |
| 590 ## - LOCAL NOTE (RLIN) |
| Local note |
SERBIB/SERLOC merged record |
| 650 #0 - SUBJECT ADDED ENTRY--TOPICAL TERM |
| Topical term or geographic name as entry element |
Crime |
| Geographic subdivision |
United States |
| Form subdivision |
Periodicals. |
| 650 #0 - SUBJECT ADDED ENTRY--TOPICAL TERM |
| Topical term or geographic name as entry element |
Criminal justice, Administration of |
| Geographic subdivision |
United States |
| Form subdivision |
Periodicals. |
| 650 #0 - SUBJECT ADDED ENTRY--TOPICAL TERM |
| Topical term or geographic name as entry element |
Police |
| Geographic subdivision |
United States |
| Form subdivision |
Periodicals. |
| 650 #0 - SUBJECT ADDED ENTRY--TOPICAL TERM |
| Topical term or geographic name as entry element |
Criminal psychology |
| Form subdivision |
Periodicals. |
| 650 #7 - SUBJECT ADDED ENTRY--TOPICAL TERM |
| Topical term or geographic name as entry element |
Crime. |
| Source of heading or term |
fast |
| Authority record control number |
(OCoLC)fst00882984 |
| 650 #7 - SUBJECT ADDED ENTRY--TOPICAL TERM |
| Topical term or geographic name as entry element |
Criminal justice, Administration of. |
| Source of heading or term |
fast |
| Authority record control number |
(OCoLC)fst00883246 |
| 650 #7 - SUBJECT ADDED ENTRY--TOPICAL TERM |
| Topical term or geographic name as entry element |
Criminal psychology. |
| Source of heading or term |
fast |
| Authority record control number |
(OCoLC)fst00883467 |
| 650 #7 - SUBJECT ADDED ENTRY--TOPICAL TERM |
| Topical term or geographic name as entry element |
Police. |
| Source of heading or term |
fast |
| Authority record control number |
(OCoLC)fst01068398 |
| 651 #7 - SUBJECT ADDED ENTRY--GEOGRAPHIC NAME |
| Geographic name |
United States. |
| Source of heading or term |
fast |
| Authority record control number |
(OCoLC)fst01204155 |
| 655 #7 - INDEX TERM--GENRE/FORM |
| Genre/form data or focus term |
Periodicals. |
| Source of term |
fast |
| Authority record control number |
(OCoLC)fst01411641 |
| 655 #7 - INDEX TERM--GENRE/FORM |
| Genre/form data or focus term |
Periodicals. |
| Source of term |
lcgft |
| 710 2# - ADDED ENTRY--CORPORATE NAME |
| Corporate name or jurisdiction name as entry element |
Society of Police and Criminal Psychology. |
| 710 2# - ADDED ENTRY--CORPORATE NAME |
| Corporate name or jurisdiction name as entry element |
Midwestern Criminal Justice Association (U.S.) |
| 776 08 - ADDITIONAL PHYSICAL FORM ENTRY |
| Relationship information |
Online version: |
| Title |
Journal of crime & justice |
| Record control number |
(OCoLC)891437067 |
| 776 08 - ADDITIONAL PHYSICAL FORM ENTRY |
| Relationship information |
Online version: |
| Title |
Journal of crime and justice (Online) |
| International Standard Serial Number |
2158-9119 |
| Record control number |
(DLC) 2010203498 |
| -- |
(OCoLC)690108364 |
| 906 ## - LOCAL DATA ELEMENT F, LDF (RLIN) |
| a |
7 |
| b |
cbc |
| c |
serials |
| d |
3 |
| e |
ncip |
| f |
19 |
| g |
n-oclcserc |
| 942 ## - ADDED ENTRY ELEMENTS (KOHA) |
| Source of classification or shelving scheme |
Dewey Decimal Classification |
| Koha item type |
Books |